000 00404nam a2200181Ia 4500
001 13893
005 20260306164834.0
008 260306t2008||||xx |||||||||||||| ||spa||
041 _aESP
082 _a005.43
_bT19M
100 _aTanenbaum, Andrew S.
_eAUT
245 0 _aModern operating systems
260 _c2008
300 _a
_c
650 _aGEN
654 _aCCC
942 _cLIB
_dJUS
_fJUS
_2ddc
_n
999 _c13893
_d13893